000 00637cam a2200205 4500500
005 20260329010026.0
041 _afre
042 _adc
100 1 0 _aOrtoli, Sven
_eauthor
245 0 0 _aHenry David Thoreau : Promenade dans les bois
260 _c2020.
500 _a79
690 _aBois
690 _aHenry David Thoreau
690 _aLiberté
690 _aNature
690 _aWalden
786 0 _nPhilosophie magazine - Hors séries | Hors-série Été 2020 | HS46 | 2020-07-01 | p. 4-5 | 2104-9246
856 4 1 _uhttps://shs.cairn.info/magazine-philosophie-magazine-2020-hs46-page-4?lang=fr&redirect-ssocas=7080
999 _c1848837
_d1848837